000 00744nam a2200205Ia 4500
003 GCL
008 140319s9999 xx 000 0 ara d
040 _aGCL /
_cGCL
082 0 4 _a659.1
_bب ت
100 1 _aبشير عباس العلاق
245 1 0 _aالترويج والاعلان التجارى :
_bأسس - نظريات - تطبيقات ( مدخل متكامل ) /
_cبشير عباس العلاق
260 _aالاردن :
_bدار اليازورى العلمية للنشر والتوزيع ،
_c2002
300 _a424 ص ؛
_c24 سم
650 0 4 _aالتسويق
650 0 4 _aالاعلان
650 0 4 _aالدعاية
650 0 4 _aوسائل الاعلام
650 0 4 _aالاعلان - دعاية
942 _2ddc
_cBK
999 _c40786
_d40786